[Event "JAN 2010 STANDARD CHESS TOURNAMENT"]
[Site "SchemingMind.com"]
[Date "2010.01.19"]
[Round "-"]
[White "Naoki_M"]
[Black "NAZRIZ1977"]
[Result "0-1"]
[WhiteCountry "JPN"]
[BlackCountry "WLS"]
[WhiteElo "1689"]
[WhiteRD "70"]
[BlackElo "1852"]
[BlackRD "59"]
[GameID "235114"]

1. e4 c6 2. d4 d5 3. Nc3 dxe4 4. Nxe4 Bf5 5. Ng3 Bg6 6. h4 h6 7. Nf3 Nd7 8. h5 Bh7 9. Bd3 Bxd3 10. Qxd3 e6
11. Bf4 Qa5+ 12. c3 Ngf6 13. O-O Nxh5 14. Nxh5 Qxh5 15. Bg3 Be7 16. Rfe1 O-O 17. Ne5 Nf6 18. b4 Rad8 19. Rad1 Nd7 20. Qf3 Qxf3
21. Nxf3 Nb6 22. Bh4 Bxh4 23. Nxh4 Nc4 24. a4 Rd5 25. Nf3 Rfd8 26. Kf1 e5 27. Ke2 e4 28. Nd2 Nb2 29. Ra1 f5 30. Nb3 g5
31. a5 Kg7 32. g3 Kg6 33. Nc5 Rb8 34. a6 b6 35. Nb7 f4 36. g4 Nd3 37. Red1 f3+ 38. Ke3 Re8 39. Rd2 Nf4 40. Rc2 Ng2+
41. Kd2 h5 42. gxh5+ Kxh5 43. Rcc1 g4 44. Rh1+ Kg5 45. Rh7 e3+ 46. fxe3 Rxe3 47. Rf7 Re2+ 48. Kd3 Nf4+ 49. Kc4 f2 50. Rf1 g3
0-1

[Event "JAN 2010 STANDARD CHESS TOURNAMENT"]
[Site "SchemingMind.com"]
[Date "2010.01.19"]
[Round "-"]
[White "NAZRIZ1977"]
[Black "Naoki_M"]
[Result "1-0"]
[WhiteCountry "WLS"]
[BlackCountry "JPN"]
[WhiteElo "1805"]
[WhiteRD "56"]
[BlackElo "1628"]
[BlackRD "78"]
[GameID "235115"]

1. c4 Nf6 2. g3 e5 3. Bg2 Nc6 4. Nc3 d6 5. d3 Be6 6. Nf3 Be7 7. O-O O-O 8. Bg5 a6 9. Bxf6 Bxf6 10. Rb1 Ne7
11. Nd2 c6 12. Nde4 Ng6 13. b4 b5 14. Nxf6+ Qxf6 15. cxb5 d5 16. bxc6 Rac8 17. Nxd5 Bxd5 18. Bxd5 Rfd8 19. Bg2 Rc7 20. a4 Ne7
21. b5 axb5 22. axb5 Rb8 23. Qa4 Rb6 24. Rfc1 Qd6 25. Bh3 f6 26. Qa5 Rb8 27. Bg2 Nc8 28. b6 Nxb6 29. Rxb6 Rxb6 30. Qxb6 Qd8
31. Rb1 g5 32. Qxc7 Qxc7 33. Rb7 Qc8 34. c7 Kg7 35. Bh3 Qxb7 36. c8=Q Qxc8 37. Bxc8 Kf8 38. Kg2 Ke7 39. Kf3 Kd6 40. Kg4 Ke7
41. Kh5 Kf8 42. Kh6 Kg8 43. Be6+ Kh8 44. g4
1-0

[Event "JAN 2010 STANDARD CHESS TOURNAMENT"]
[Site "SchemingMind.com"]
[Date "2010.01.22"]
[Round "-"]
[White "lame wolf"]
[Black "Naoki_M"]
[Result "0-1"]
[WhiteCountry "INT"]
[BlackCountry "JPN"]
[WhiteElo "1116"]
[WhiteRD "51"]
[BlackElo "1627"]
[BlackRD "80"]
[GameID "236118"]

1. e4 e5 2. d4 exd4 3. Qxd4 Nc6 4. Qd1 Nf6 5. f3 Bc5 6. Qe2 d6 7. Qd1 Be6 8. Bb5 O-O 9. Bxc6 bxc6 10. Qe2 Re8
11. Be3 Bb6 12. c4 c5 13. b3 c6 14. Nd2 d5 15. Qd1 d4 16. Bf2 Ba5 17. Ne2 Re7 18. O-O Rd7 19. e5 Ne8 20. Ne4 Bb6
21. Qe1 Bf5 22. b4 Bxe4 23. fxe4 d3 24. Nf4 d2 25. Qd1 cxb4 26. Be3 Bxe3+ 27. Kh1 Bxf4 28. Rxf4 Qg5 29. g3 Qxe5 30. a3 Qxa1
0-1

[Event "JAN 2010 STANDARD CHESS TOURNAMENT"]
[Site "SchemingMind.com"]
[Date "2010.01.22"]
[Round "-"]
[White "lame wolf"]
[Black "NAZRIZ1977"]
[Result "0-1"]
[WhiteCountry "INT"]
[BlackCountry "WLS"]
[WhiteElo "1052"]
[WhiteRD "44"]
[BlackElo "1936"]
[BlackRD "96"]
[GameID "236120"]

1. Nf3 Nf6 2. d4 g6 3. c4 Bg7 4. e3 O-O 5. Bd3 d6 6. d5 e5 7. e4 Bg4 8. Nbd2 a5 9. Qc2 Na6 10. O-O Nc5
11. Qb1 Nh5 12. b4 axb4 13. Nb3 b6 14. Nxc5 bxc5 15. a3 Bxf3 16. gxf3 Rb8 17. Bd2 bxa3 18. Qc2 Rb2 19. Qd1 Qh4 20. Bc3 Nf4
21. Bxb2 Qg5+
0-1

[Event "JAN 2010 STANDARD CHESS TOURNAMENT"]
[Site "SchemingMind.com"]
[Date "2010.01.22"]
[Round "-"]
[White "Naoki_M"]
[Black "lame wolf"]
[Result "1-0"]
[WhiteCountry "JPN"]
[BlackCountry "INT"]
[WhiteElo "1627"]
[WhiteRD "80"]
[BlackElo "1116"]
[BlackRD "51"]
[GameID "236121"]

1. c4 c5 2. Nf3 d5 3. cxd5 Qxd5 4. Nc3 Qd8 5. e4 e6 6. Bc4 Nc6 7. d3 Bd6 8. O-O Nf6 9. Bg5 O-O 10. a3 e5
11. Nd5 Qd7 12. Bxf6 a6 13. Bh4 Bc7 14. Rb1 Bd8 15. Bxd8 Qxd8 16. b4 Be6 17. bxc5 Nd4 18. Nxd4 Rc8 19. Nxe6 fxe6 20. Ne3 b5
21. Bxe6+ Kh8 22. Bxc8 Qxc8 23. Rc1
1-0

[Event "JAN 2010 STANDARD CHESS TOURNAMENT"]
[Site "SchemingMind.com"]
[Date "2010.01.22"]
[Round "-"]
[White "NAZRIZ1977"]
[Black "lame wolf"]
[Result "1-0"]
[WhiteCountry "WLS"]
[BlackCountry "INT"]
[WhiteElo "1840"]
[WhiteRD "62"]
[BlackElo "1116"]
[BlackRD "51"]
[GameID "236123"]

1. c4 d5 2. cxd5 Qxd5 3. Nc3 Qd8 4. g3 c6 5. Bg2 g6 6. Nf3 Bg7 7. O-O Nd7 8. d4 e6 9. e4 Ne7 10. Bg5 Bf6
11. Bh6 Ng8 12. Bf4 g5 13. Bd6 Be7 14. Bxe7 Nxe7 15. d5 exd5 16. exd5 Nxd5 17. Nxd5 cxd5 18. Qxd5 f6 19. Rfe1+ Kf8 20. Rad1 Rg8
21. Nd4 Kg7 22. Ne6+ Kf7 23. Nxd8+ Kg7 24. Qxg8+ Kh6 25. g4
1-0

[Event "JAN 2010 STANDARD CHESS TOURNAMENT"]
[Site "SchemingMind.com"]
[Date "2010.01.23"]
[Round "-"]
[White "APB"]
[Black "lame wolf"]
[Result "1-0"]
[WhiteCountry "ENG"]
[BlackCountry "INT"]
[WhiteElo "1646"]
[WhiteRD "59"]
[BlackElo "1116"]
[BlackRD "51"]
[GameID "236212"]

1. e4 d5 2. exd5 Qxd5 3. Nc3 Qd8 4. d4 g6 5. Nf3 Bg7 6. Bc4 Nc6 7. Ng5 Bf5 8. Nxf7 Qc8 9. Nxh8 Bxh8 10. Bxg8 e6
11. g4 Bxc2 12. Qxc2 Bxd4 13. Bf4 e5 14. Be3 Kd7 15. Nd5 Qxg8 16. Nf6+ Kd6 17. Nxg8 Rxg8 18. O-O-O Ke6 19. Qc4+ Kf6 20. Qxg8
1-0

[Event "JAN 2010 STANDARD CHESS TOURNAMENT"]
[Site "SchemingMind.com"]
[Date "2010.01.28"]
[Round "-"]
[White "APB"]
[Black "Naoki_M"]
[Result "0-1"]
[WhiteCountry "ENG"]
[BlackCountry "JPN"]
[WhiteElo "1601"]
[WhiteRD "58"]
[BlackElo "1643"]
[BlackRD "93"]
[GameID "236213"]

1. e4 e5 2. Nf3 Nc6 3. Bc4 Bc5 4. c3 d6 5. d4 exd4 6. cxd4 Bb6 7. Bd2 Bg4 8. Bc3 Nf6 9. d5 Ne5 10. Qa4+ Nfd7
11. Nxe5 dxe5 12. Bxe5 O-O 13. Bxg7 Kxg7 14. O-O Nc5 15. Qa3 Nxe4 16. Nc3 Nd2 17. Ne4 Nxf1 18. Qc3+ f6 19. Kxf1 h6 20. Qg3 h5
21. h3 f5 22. Qc3+ Kg6 23. Nd2 Qh4
0-1

[Event "JAN 2010 STANDARD CHESS TOURNAMENT"]
[Site "SchemingMind.com"]
[Date "2010.01.23"]
[Round "-"]
[White "APB"]
[Black "NAZRIZ1977"]
[Result "0-1"]
[WhiteCountry "ENG"]
[BlackCountry "WLS"]
[WhiteElo "1601"]
[WhiteRD "58"]
[BlackElo "1905"]
[BlackRD "72"]
[GameID "236215"]

1. e4 c6 2. d4 d5 3. e5 c5 4. Be3 Nc6 5. Nf3 Bg4 6. dxc5 e6 7. c3 Nge7 8. Nbd2 Nf5 9. h3 Nxe3 10. fxe3 Bh5
11. Qe2 Bxc5 12. O-O-O Qb6 13. Nb3 Bxe3+ 14. Nbd2 Nxe5 15. g4 Nc4 16. gxh5 Qxb2#
0-1

[Event "JAN 2010 STANDARD CHESS TOURNAMENT"]
[Site "SchemingMind.com"]
[Date "2010.01.23"]
[Round "-"]
[White "lame wolf"]
[Black "APB"]
[Result "0-1"]
[WhiteCountry "INT"]
[BlackCountry "ENG"]
[WhiteElo "1116"]
[WhiteRD "51"]
[BlackElo "1646"]
[BlackRD "59"]
[GameID "236216"]

1. Nf3 Nf6 2. d4 d5 3. e3 e6 4. c4 c5 5. dxc5 Bxc5 6. b3 Ne4 7. Bb2 Bb4+ 8. Bc3 Nxc3 9. Qc2 Nxb1+ 10. Kd1 Nc3+
11. Kc1 Ne4 12. Bd3 Bc3 13. Bxe4 Bxa1 14. cxd5 exd5 15. Kd2 dxe4+ 16. Ke2 exf3+ 17. Kxf3 O-O 18. Rxa1 Qf6+ 19. Ke2 Qxa1
0-1

[Event "JAN 2010 STANDARD CHESS TOURNAMENT"]
[Site "SchemingMind.com"]
[Date "2010.01.28"]
[Round "-"]
[White "Naoki_M"]
[Black "APB"]
[Result "0-1"]
[WhiteCountry "JPN"]
[BlackCountry "ENG"]
[WhiteElo "1627"]
[WhiteRD "80"]
[BlackElo "1646"]
[BlackRD "59"]
[GameID "236217"]

1. d4 Nf6 2. c4 d5 3. cxd5 Qxd5 4. Nc3 Qe6 5. Nf3 Nd5 6. Nxd5 Qxd5 7. e3 e6 8. Be2 f6 9. O-O Bd6 10. b3 e5
11. dxe5 Qxd1 12. Rxd1 fxe5 13. Bb2 Nc6 14. Bb5 Bg4 15. Rd5 O-O-O 16. Bxc6 bxc6 17. Rd2 Bxf3 18. gxf3 g5 19. Rad1 Rhf8 20. Kg2 Rg8
21. h3 c5 22. a4 Rdf8 23. e4 h5 24. Rd3 g4 25. hxg4 hxg4 26. fxg4 Rxg4+ 27. Rg3 Rxe4 28. Rxd6 cxd6 29. Rd3 Rg4+ 30. Rg3 Re4
31. Ba3 a5 32. f3 Re2+ 33. Kf1 Ra2 34. Bxc5 dxc5 35. Rh3 e4 36. Ke1 exf3 37. Kf1 f2 38. Rh2 Ra1+
0-1

[Event "JAN 2010 STANDARD CHESS TOURNAMENT"]
[Site "SchemingMind.com"]
[Date "2010.01.23"]
[Round "-"]
[White "NAZRIZ1977"]
[Black "APB"]
[Result "1-0"]
[WhiteCountry "WLS"]
[BlackCountry "ENG"]
[WhiteElo "1905"]
[WhiteRD "72"]
[BlackElo "1601"]
[BlackRD "58"]
[GameID "236219"]

1. c4 e5 2. g3 Nf6 3. Bg2 c6 4. d4 exd4 5. Qxd4 d5 6. cxd5 Nxd5 7. Nf3 Nb4 8. Qxd8+ Kxd8 9. Na3 f6 10. O-O Be6
11. Bf4 Be7 12. Rfd1+ Ke8 13. Nd4 Bxa2 14. Ne6 Bxe6 15. Nb5 Bd8 16. Rxd8+ Kxd8 17. Nc7 Nd5 18. Bxd5 cxd5 19. Nxe6+ Ke7 20. Nc7 g5
21. Nxa8 gxf4 22. Rxa7 fxg3 23. hxg3 Kd7 24. Rxb7+ Kc6 25. Rb6+
1-0

[Event "JAN 2010 STANDARD CHESS TOURNAMENT"]
[Site "SchemingMind.com"]
[Date "2010.01.23"]
[Round "-"]
[White "MOIMOI"]
[Black "lame wolf"]
[Result "1-0"]
[WhiteCountry "POL"]
[BlackCountry "INT"]
[WhiteElo "1568"]
[WhiteRD "51"]
[BlackElo "1052"]
[BlackRD "44"]
[GameID "236234"]

1. Nf3 c5 2. b3 Nf6 3. c4 d5 4. cxd5 Qxd5 5. Nc3 Qd8 6. g3 Nbd7 7. Bg2 Rb8 8. O-O b6 9. d4 e6 10. Bg5 Bb7
11. e4 Qc7 12. a4 Nxe4 13. Nxe4 Bxe4 14. dxc5 Qxc5 15. Bf4 Rd8 16. Rc1 Qa3 17. Re1 Bc5 18. Rxe4 a6 19. Bc7 Rc8 20. Ra1 Qxa1
21. Qxa1 f6 22. Rxe6+ Kf7 23. Rc6 Rhe8 24. Bh3 Ne5 25. Nxe5+ fxe5 26. Bxc8 Rxc8 27. Qb1 g6 28. Qd3
1-0

[Event "JAN 2010 STANDARD CHESS TOURNAMENT"]
[Site "SchemingMind.com"]
[Date "2010.01.23"]
[Round "-"]
[White "MOIMOI"]
[Black "APB"]
[Result "1-0"]
[WhiteCountry "POL"]
[BlackCountry "ENG"]
[WhiteElo "1597"]
[WhiteRD "54"]
[BlackElo "1601"]
[BlackRD "58"]
[GameID "236235"]

1. Nf3 g6 2. d4 Nf6 3. Nc3 d5 4. Bg5 Nbd7 5. Ne5 Bg7 6. e3 Nxe5 7. dxe5 Ng4 8. Nxd5 f6 9. exf6 exf6 10. Bf4 Ne5
11. Qd4 g5 12. Bxe5 fxe5 13. Qd1 c6 14. Qh5+ Kf8 15. Nc3 e4 16. Bc4 b5 17. Qf7#
1-0

[Event "JAN 2010 STANDARD CHESS TOURNAMENT"]
[Site "SchemingMind.com"]
[Date "2010.01.28"]
[Round "-"]
[White "MOIMOI"]
[Black "Naoki_M"]
[Result "0-1"]
[WhiteCountry "POL"]
[BlackCountry "JPN"]
[WhiteElo "1599"]
[WhiteRD "54"]
[BlackElo "1627"]
[BlackRD "80"]
[GameID "236236"]

1. Nf3 d5 2. c3 Nf6 3. d4 Bf5 4. Ne5 Nbd7 5. Qb3 Nb6 6. f3 e6 7. Bg5 Be7 8. Qb5+ c6 9. Qb3 O-O 10. g4 Bg6
11. Nxg6 fxg6 12. Nd2 Nfd7 13. Bxe7 Qxe7 14. h4 Rf7 15. Bg2 Raf8 16. c4 dxc4 17. Nxc4 Nxc4 18. Qxc4 Qd6 19. Rh3 e5 20. Rd1 b5
21. Qc3 exd4 22. Rxd4 Qe5 23. Qd3 Rd8 24. f4 Qc5 25. Re3 Kf8 26. b4 Qc1+ 27. Kf2 Re8 28. Rxe8+ Kxe8 29. Qe4+ Kd8 30. e3 Re7
31. Qd3 Qb2+ 32. Kg3 Kc7 33. a3 c5 34. bxc5 Nxc5 35. Qe2 Qxd4 36. Qxb5 Qxe3+ 37. Kh2 Qxf4+ 38. Kg1 Re1+ 39. Bf1 Rxf1+ 40. Qxf1 Qxf1+
41. Kxf1 Kd6 42. Kf2 Ke5 43. Ke3 a5 44. Kf3 Kd4 45. Kf4 Ne6+ 46. Kf3 Kd3 47. h5 g5
0-1

[Event "JAN 2010 STANDARD CHESS TOURNAMENT"]
[Site "SchemingMind.com"]
[Date "2010.01.23"]
[Round "-"]
[White "MOIMOI"]
[Black "NAZRIZ1977"]
[Result "0-1"]
[WhiteCountry "POL"]
[BlackCountry "WLS"]
[WhiteElo "1591"]
[WhiteRD "53"]
[BlackElo "1805"]
[BlackRD "56"]
[GameID "236238"]

1. Nf3 Nf6 2. Nc3 d6 3. d4 Nbd7 4. e4 e5 5. dxe5 dxe5 6. Bb5 c6 7. Bc4 h6 8. h3 Qc7 9. b4 Bxb4 10. Bb2 Nxe4
11. Nh4 O-O 12. Qf3 Qa5 13. O-O Nxc3 14. Ng6 Nf6 15. Nxf8 Kxf8 16. a3 e4 17. axb4 exf3 18. Rxa5 Ncd5 19. b5 fxg2 20. Kxg2 Bf5
21. bxc6 bxc6 22. Rfa1 Be4+ 23. Kf1 Bxc2 24. Bxf6 Nxf6 25. Rxa7 Rxa7 26. Rxa7 Nd5 27. Ke1 Bf5 28. Bxd5 cxd5 29. Kd2 Bxh3 30. Ke3 h5
31. Kf4 g6 32. Ke5 Be6 33. Kf6 Kg8 34. Kg5 Kg7 35. f4= Bf5 36. Ra5 d4 37. Rd5 d3 38. Rd4 f6+ 39. Kh4 Kh6 40. Rd6 d2
41. Rxd2 g5+ 42. fxg5+ fxg5+ 43. Kg3 h4+ 44. Kh2 g4 45. Rg2 Kg5 46. Rd2 Kf4 47. Rb2 g3+ 48. Kg1 h3 49. Kh1 Be4+ 50. Kg1 Ke3
51. Ra2 Bd3 52. Ra3 Kd2 53. Ra2+ Bc2 54. Kh1 Kc1 55. Ra3 Be4+ 56. Kg1 h2+
0-1

[Event "JAN 2010 STANDARD CHESS TOURNAMENT"]
[Site "SchemingMind.com"]
[Date "2010.01.23"]
[Round "-"]
[White "lame wolf"]
[Black "MOIMOI"]
[Result "0-1"]
[WhiteCountry "INT"]
[BlackCountry "POL"]
[WhiteElo "1052"]
[WhiteRD "44"]
[BlackElo "1568"]
[BlackRD "51"]
[GameID "236239"]

1. g4 e5 2. Bg2 d5 3. h3 h6 4. d4 e4 5. f3 Qh4+ 6. Kf1 Nf6 7. Qe1 Qxe1+ 8. Kxe1 Bd6 9. f4 Nc6 10. f5 Nxd4
11. Kd1 O-O 12. e3 Nb5 13. Bd2 c5 14. Nc3 Nxc3+ 15. Bxc3 b5 16. a3 a5 17. Kd2 Bb7 18. Ne2 Nd7 19. h4 b4 20. axb4 axb4
21. Bxg7 Kxg7 22. b3 Ne5
0-1

[Event "JAN 2010 STANDARD CHESS TOURNAMENT"]
[Site "SchemingMind.com"]
[Date "2010.01.23"]
[Round "-"]
[White "APB"]
[Black "MOIMOI"]
[Result "1-0"]
[WhiteCountry "ENG"]
[BlackCountry "POL"]
[WhiteElo "1646"]
[WhiteRD "59"]
[BlackElo "1599"]
[BlackRD "54"]
[GameID "236240"]

1. e4 Nc6 2. d4 e6 3. Nf3 d6 4. Nc3 h6 5. e5 dxe5 6. dxe5 Bb4 7. Bd2 Nge7 8. Qe2 b6 9. O-O-O Bxc3 10. Bxc3 Nd5
11. Qb5 Bd7 12. Qd3 a5 13. a3 Nce7 14. Nd4 c6 15. Bd2 O-O 16. Qe4 Nf5 17. Nxf5 exf5 18. Qf3 Kh7 19. Bd3 g6 20. c4 Nc7
21. h4 Ne6 22. h5 Ng5 23. Qe3 f6 24. f4 Ne4 25. Bxe4 fxe4 26. hxg6+ Kxg6 27. Qg3+ Kf7 28. f5 Rg8 29. e6+ Ke7 30. Qf4 Bc8
31. Be3 Qe8 32. Bxb6 Ba6 33. Qc7+ Kf8 34. Bc5+
1-0

[Event "JAN 2010 STANDARD CHESS TOURNAMENT"]
[Site "SchemingMind.com"]
[Date "2010.01.23"]
[Round "-"]
[White "e_castle3"]
[Black "lame wolf"]
[Result "1-0"]
[WhiteCountry "PHI"]
[BlackCountry "INT"]
[WhiteElo "1753"]
[WhiteRD "78"]
[BlackElo "1116"]
[BlackRD "51"]
[GameID "236278"]

1. e4 g5 2. d4 h6 3. c4 Bg7 4. g3 d6 5. Bg2 f5 6. Qh5+ Kd7 7. Qd1 e6 8. Ne2 e5 9. dxe5 Bxe5 10. exf5 Qf6
11. Qc2 Ne7 12. g4 c6 13. Nbc3 b6 14. Rb1 Ke8 15. Ne4 Nd7 16. Nxf6+ Nxf6 17. b4 c5 18. Bxa8 Kf7 19. bxc5 bxc5 20. Bg2 Bd7
21. Rb7 h5 22. gxh5 Nxh5 23. Rxd7 Nf4 24. Bxf4 gxf4 25. Rxa7 Rh5 26. a4 Bd4 27. Nxd4 Kf6 28. Nb5 Nxf5 29. Bd5
1-0

[Event "JAN 2010 STANDARD CHESS TOURNAMENT"]
[Site "SchemingMind.com"]
[Date "2010.01.23"]
[Round "-"]
[White "e_castle3"]
[Black "APB"]
[Result "1-0"]
[WhiteCountry "PHI"]
[BlackCountry "ENG"]
[WhiteElo "1748"]
[WhiteRD "81"]
[BlackElo "1601"]
[BlackRD "58"]
[GameID "236279"]

1. Nf3 Nf6 2. d4 e6 3. Bg5 c5 4. c3 d5 5. e3 Nc6 6. Be2 h6 7. Bh4 g5 8. Bg3 Bd6 9. Nbd2 Bxg3 10. hxg3 c4
11. Qc2 Ng4 12. b3 cxb3 13. axb3 Qf6 14. b4 b6 15. Bb5 Bb7 16. Qa4 O-O 17. Bxc6 Bxc6 18. Qxc6 Rac8 19. Qb7 Qf5 20. O-O f6
21. Rxa7 Qg6 22. Qxb6 f5 23. Re7 Rf7 24. Rxe6
1-0

[Event "JAN 2010 STANDARD CHESS TOURNAMENT"]
[Site "SchemingMind.com"]
[Date "2010.01.28"]
[Round "-"]
[White "e_castle3"]
[Black "Naoki_M"]
[Result "1-0"]
[WhiteCountry "PHI"]
[BlackCountry "JPN"]
[WhiteElo "1753"]
[WhiteRD "78"]
[BlackElo "1627"]
[BlackRD "80"]
[GameID "236280"]

1. Nf3 d5 2. d4 Nf6 3. c4 dxc4 4. Nc3 c6 5. e4 b5 6. e5 Nd5 7. a4 Nxc3 8. bxc3 Bf5 9. axb5 cxb5 10. Ba3 e6
11. Bxf8 Kxf8 12. Be2 h6 13. O-O Nc6 14. Nd2 a5 15. Bf3 Rc8 16. Ne4 Bxe4 17. Bxe4 a4 18. Qb1 Qa5 19. f4 Na7 20. f5 exf5
21. Rxf5 g6 22. Rf3 Kg7 23. Qf1 Rhf8 24. Bd5 Qc7 25. Rg3 Qe7 26. Qf4 g5 27. Qf5 Rcd8 28. Be4 Rh8 29. h4 f6 30. Rf1 fxe5
31. Qg6#
1-0

[Event "JAN 2010 STANDARD CHESS TOURNAMENT"]
[Site "SchemingMind.com"]
[Date "2010.01.23"]
[Round "-"]
[White "e_castle3"]
[Black "MOIMOI"]
[Result "1-0"]
[WhiteCountry "PHI"]
[BlackCountry "POL"]
[WhiteElo "1748"]
[WhiteRD "81"]
[BlackElo "1597"]
[BlackRD "54"]
[GameID "236282"]

1. e4 Nc6 2. f4 e5 3. Nf3 exf4 4. d4 Nf6 5. Nc3 Bb4 6. Bd3 d6 7. Bxf4 Bg4 8. Be3 Qe7 9. O-O Bxc3 10. bxc3 O-O
11. h3 Bh5 12. Bg5 h6 13. Bxf6 gxf6 14. Qe1 Kh8 15. Qh4 Bg6 16. Qxh6+ Kg8 17. Nh4 f5 18. Nxg6 fxg6 19. Bc4+ Rf7 20. Qxg6+ Kf8
21. Bxf7 Qxf7 22. Rxf5 Qxf5 23. Qxf5+ Ke7 24. Rf1
1-0

[Event "JAN 2010 STANDARD CHESS TOURNAMENT"]
[Site "SchemingMind.com"]
[Date "2010.01.23"]
[Round "-"]
[White "e_castle3"]
[Black "NAZRIZ1977"]
[Result "0-1"]
[WhiteCountry "PHI"]
[BlackCountry "WLS"]
[WhiteElo "1754"]
[WhiteRD "81"]
[BlackElo "1805"]
[BlackRD "56"]
[GameID "236283"]

1. e4 c6 2. d4 d5 3. exd5 cxd5 4. Nf3 Bg4 5. Be2 Nc6 6. O-O Qc7 7. Nc3 e6 8. Re1 Bd6 9. h3 Bh5 10. a3 a6
11. g4 Bg6 12. Bf1 Nge7 13. Bg2 O-O 14. h4 h5 15. g5 Nf5 16. Be3 b5 17. Qd2 Na5 18. Na2 Rfc8 19. Rac1 Nc4 20. Qc3 Rab8
21. b4 Ncxe3 22. Qxc7 Rxc7 23. fxe3 Bg3 24. Re2 Nxh4 25. Rf1 Rxc2 26. Rxc2 Bxc2 27. Rc1 Bb3 28. Nc3 Rc8 29. Ne2 Rxc1+ 30. Nxc1 Bd1
31. Nd2 Nf5 32. Nd3 Nxe3 33. Nc5 Nxg2 34. Kxg2 Bf4 35. Nf3 Bc1 36. Nxa6 Bxa3 37. Nd2 Bc1 38. Nb1 Bc2 39. Nc3 Bd3 40. Nc7 Bd2
41. N3xb5 Bxb4 42. Kh3 Be1 43. Nd6 Bf1+
0-1

[Event "JAN 2010 STANDARD CHESS TOURNAMENT"]
[Site "SchemingMind.com"]
[Date "2010.01.23"]
[Round "-"]
[White "lame wolf"]
[Black "e_castle3"]
[Result "0-1"]
[WhiteCountry "INT"]
[BlackCountry "PHI"]
[WhiteElo "1116"]
[WhiteRD "51"]
[BlackElo "1753"]
[BlackRD "78"]
[GameID "236284"]

1. e4 c6 2. d4 d5 3. e5 e6 4. Be3 Ne7 5. Bd3 Ng6 6. Qc1 Be7 7. Bg5 Bxg5 8. Qd1 O-O 9. Nf3 Be7 10. O-O c5
11. b3 Nc6 12. a3 cxd4 13. c3 dxc3 14. Nxc3 h6 15. Bxg6 fxg6 16. Re1 a6 17. b4 b5 18. Qb1 Qe8 19. h3 Qf7 20. a4 bxa4
21. b5 axb5 22. Nxb5 g5 23. Ra2 Ba6 24. Nbd4 Nxd4 25. Nxd4 Bc4 26. Rb2 Bc5 27. Nf3 a3 28. Rb7 Qf4 29. Qc1 Qxc1 30. Rxc1 a2
31. g4 Rxf3
0-1

[Event "JAN 2010 STANDARD CHESS TOURNAMENT"]
[Site "SchemingMind.com"]
[Date "2010.01.24"]
[Round "-"]
[White "APB"]
[Black "e_castle3"]
[Result "0-1"]
[WhiteCountry "ENG"]
[BlackCountry "PHI"]
[WhiteElo "1601"]
[WhiteRD "58"]
[BlackElo "1748"]
[BlackRD "81"]
[GameID "236285"]

1. e4 e5 2. Nf3 Nc6 3. Bc4 Bc5 4. c3 Nf6 5. d4 exd4 6. cxd4 Bb4+ 7. Bd2 Bxd2+ 8. Nbxd2 O-O 9. e5 Ng4 10. h3 Nh6
11. O-O d5 12. Bd3 Nf5 13. a3 Nfxd4 14. Nxd4 Nxd4 15. Qh5 h6 16. Rae1 c5 17. b3 b5 18. Nf3 Nxb3 19. Bxb5 c4 20. Bc6 Rb8
21. Rd1 Be6 22. Nd4 Nxd4 23. Rxd4 Qb6 24. Bxd5 Qxd4
0-1

[Event "JAN 2010 STANDARD CHESS TOURNAMENT"]
[Site "SchemingMind.com"]
[Date "2010.01.28"]
[Round "-"]
[White "Naoki_M"]
[Black "e_castle3"]
[Result "1/2-1/2"]
[WhiteCountry "JPN"]
[BlackCountry "PHI"]
[WhiteElo "1627"]
[WhiteRD "80"]
[BlackElo "1753"]
[BlackRD "78"]
[GameID "236286"]

1. d4 f5 2. g3 Nf6 3. Bg2 e6 4. Nf3 Be7 5. O-O O-O 6. c4 c6 7. Nc3 d5 8. c5 Ne4 9. Nxe4 fxe4 10. Ne5 Nd7
11. b4 Nxe5 12. dxe5 b6 13. Ba3 Ba6 14. Bh3 Qd7 15. Qd2 Rae8 16. cxb6 axb6 17. Rfd1 Bc4 18. e3 b5 19. Bb2 Rf7 20. Bd4 Ref8
21. Bc5 Bxc5 22. bxc5 Rxf2 23. Qxf2 Rxf2 24. Kxf2 Kf7 25. Bg2 Qa7 26. a3 Qxc5 27. Rdc1 Qa7 28. Bf1 Qc7 29. Bxc4 dxc4 30. a4 Qxe5
31. a5 b4 32. a6 Qb2+ 33. Kg1 Qe2 34. a7 Qxe3+ 35. Kf1 Qf3+ 36. Kg1 Qe3+ 37. Kf1 Qd3+=
1/2-1/2

[Event "JAN 2010 STANDARD CHESS TOURNAMENT"]
[Site "SchemingMind.com"]
[Date "2010.01.24"]
[Round "-"]
[White "MOIMOI"]
[Black "e_castle3"]
[Result "1/2-1/2"]
[WhiteCountry "POL"]
[BlackCountry "PHI"]
[WhiteElo "1599"]
[WhiteRD "54"]
[BlackElo "1753"]
[BlackRD "78"]
[GameID "236288"]

1. Nf3 Nf6 2. Nc3 g6 3. e4 d6 4. h3 Bg7 5. d4 O-O 6. Bd3 Nbd7 7. Nh2 e5 8. d5 c6 9. Bg5 Qc7 10. Qf3 a6
11. O-O Re8 12. Ng4 Nxg4 13. hxg4 h6 14. Bh4 g5 15. Bg3 Nf6 16. Qd1 Bxg4 17. Be2 Bxe2 18. Qxe2 b5 19. a4 b4 20. Nd1 cxd5
21. exd5 Nxd5 22. Ne3 Nxe3 23. fxe3 a5 24. b3 Rac8 25. Rac1 Qb6 26. Qf3 Re7 27. Bf2 Qc6 28. Qf5 Rec7 29. e4 Qe8 30. Bb6 Rxc2
31. Rxc2 Rxc2 32. Bxa5 f6 33. Bxb4 Qb8 34. Qe6+ Kh8 35. Bxd6 Qb6+ 36. Kh2 Qc6 37. Rxf6 Qxe4 38. Rxh6+ Bxh6 39. Qxh6+ Qh7 40. Bxe5+ Kg8
41. Qxh7+ Kxh7 42. b4 Re2 43. Bd6 Rd2 44. Bc5 Kg6 45. Kh3 Kf5 46. a5 g4+ 47. Kh2 Ra2 48. Bd6 Ra3 49. g3 Ke6 50. Bc5=
1/2-1/2

[Event "JAN 2010 STANDARD CHESS TOURNAMENT"]
[Site "SchemingMind.com"]
[Date "2010.01.24"]
[Round "-"]
[White "NAZRIZ1977"]
[Black "e_castle3"]
[Result "0-1"]
[WhiteCountry "WLS"]
[BlackCountry "PHI"]
[WhiteElo "1840"]
[WhiteRD "62"]
[BlackElo "1753"]
[BlackRD "78"]
[GameID "236289"]

1. c4 g6 2. g3 Bg7 3. Bg2 Nf6 4. Nf3 O-O 5. O-O Nc6 6. Nc3 d6 7. d3 e5 8. Bg5 Be6 9. Rb1 h6 10. Bxf6 Bxf6
11. b4 a6 12. a4 Qc8 13. Re1 Bh3 14. Bh1 Ne7 15. b5 axb5 16. Rxb5 c6 17. Rb6 Qc7 18. Qb3 Rfb8 19. Rb1 Ra7 20. Nd2 Bc8
21. Qb4 Bg7 22. a5 Rba8 23. Ra1 Bg4 24. Nde4 Nc8 25. Ra4 Qd7 26. a6 Nxb6 27. axb7 Rxb7
0-1

[Event "JAN 2010 STANDARD CHESS TOURNAMENT"]
[Site "SchemingMind.com"]
[Date "2010.01.23"]
[Round "-"]
[White "mmccaffe"]
[Black "lame wolf"]
[Result "1-0"]
[WhiteCountry "USA"]
[BlackCountry "INT"]
[WhiteElo "1615"]
[WhiteRD "59"]
[BlackElo "1052"]
[BlackRD "44"]
[GameID "236307"]

1. e4 e5 2. Nf3 Nc6 3. Bb5 Nge7 4. c3 d5 5. Nxe5 Qd6 6. Bxc6+ bxc6 7. Nf3 Bg4 8. exd5 Qxd5 9. d4 c5 10. Be3 c4
11. Nbd2 Nf5 12. Qe2 Rb8 13. Bg5+ Be7 14. Bxe7 Nxe7 15. O-O c5 16. Rfe1 Rb7 17. dxc5 Qxc5 18. Qe4 Bd7 19. Qxb7 Qc6 20. Qxc6 Bxc6
21. Nxc4 f6 22. Re2 Kf7 23. Rae1 Re8 24. Nd6+
1-0

[Event "JAN 2010 STANDARD CHESS TOURNAMENT"]
[Site "SchemingMind.com"]
[Date "2010.01.24"]
[Round "-"]
[White "mmccaffe"]
[Black "e_castle3"]
[Result "0-1"]
[WhiteCountry "USA"]
[BlackCountry "PHI"]
[WhiteElo "1712"]
[WhiteRD "65"]
[BlackElo "1754"]
[BlackRD "81"]
[GameID "236308"]

1. e4 Nc6 2. Nf3 b6 3. Bc4 Bb7 4. d3 e6 5. Bb3 g6 6. Bg5 f6 7. Be3 Qe7 8. Nc3 Bg7 9. Qd2 O-O-O 10. h3 h5
11. d4 Nh6 12. d5 exd5 13. Bxd5 Ba6 14. a4 f5 15. exf5 Nxf5 16. Rg1 Kb8 17. g4 Nxe3 18. fxe3 Rde8 19. e4 Rhf8 20. Qe3 Nb4
21. O-O-O Bxc3 22. Qxc3 Be2 23. Rd4 Nxd5 24. exd5 Rxf3 25. Qd2 Re3 26. a5 Bf3 27. b3 Qa3+ 28. Kb1 bxa5 29. Ra4 Qc5 30. Rxa5 Rxb3+
31. cxb3 Qxg1+
0-1